| 000 | 01148nam a22002655i 4500 | ||
|---|---|---|---|
| 001 | 67018 | ||
| 003 | ES-MaACL | ||
| 005 | 20230906165930.0 | ||
| 007 | t| | ||
| 008 | 930203s1992 sp ||||0| spa d | ||
| 040 |
_aM-BN _bspa _cM-BN |
||
| 080 | _a59(0:82) | ||
| 080 | _a82-96.09 | ||
| 080 | _a910.4(7/8)"14" | ||
| 100 | 0 |
_aGómez-Tabanera, José Manuel, _d1926-2011 _958165 |
|
| 245 | 1 | 0 |
_aBestiario y paraíso en los viajes colombinos _b: el legado del folklore medieval europeo a la historiografía americanista : ponencia presentada al XI Congreso de la Asociación Internacional de Hispanistas (24-29 de agosto de 1992), Universidad de California, Irvine / _cJosé Manuel Gómez-Tabanera. |
| 260 |
_a[S.l : _bs.n], _cD.L. 1992 ( _eOviedo : _fImp. Gofer) |
||
| 300 |
_a32 p : _bil ; _c21 cm. |
||
| 504 | _aBibliografía: p. 30-32. | ||
| 650 | 1 | 4 |
_aBestiarios- _xInfluencia. _910513 |
| 651 | 4 |
_aAmérica- _xDescubrimientos y exploraciones- _yS.XV. _97696 |
|
| 710 | 2 |
_aAsociación Internacional de Hispanistas. _bCongreso ( _n11º. _d1992. _cIrvine, California) _91730 |
|
| 852 |
_aES-MaACL _j2170-F-18 _bR.125517 |
||
| 999 |
_c67018 _d67018 |
||